Szczegóły MARC21

Słownik skrótów i skrótowców angielskich /

003 -Nazwa inst., której nr kontr. jest w polu 001 [,]
    • @
    • Nazwa instytucji, której n kontrolny jest w polu 001
    • NUKAT
005 -DATA I CZAS OSTATNIEJ MODYFIKACJI [,]
    • @
    • pole kontrolne
    • 20241231100947.0
020 -Międzynarod. znormalizowany nr książki - ISBN [ , ]
    • a
    • Numer ISBN
    • 837396469X Find
040 -Instytucja sporządzająca opis [ , ]
    • a
    • Instytucja, która sporządziła opis (NP)
    • OLSZT 003/HP
    • c
    • Instytucja, która sporządziła rekord (NP)
    • OLSZT 003/HP
    • d
    • Instytucja, która zmodyfikowała rekord (P)
    • OLSZT 003/HP
    • d
    • Instytucja, która zmodyfikowała rekord (P)
    • OLSZT 003/DSs
041 -Język dokumentu [0, ]
    • a
    • Język tekstu (P)
    • polski
    • a
    • Język tekstu (P)
    • angielski
942 -Rodzaj dokumentu [ , ]
    • c
    • Rodzaj dokumentu
    • Książka
100 -Hasło główne - nazwa osobowa [1, ]
    • a
    • Nazwa osobowa (NP)
    • Kostyra, Maciej.
    • 9
    • KHW
    • 644883
245 -Strefa tytułu i oznaczenia odpowiedzialności [1,0]
    • a
    • Tytuł
    • Słownik skrótów i skrótowców angielskich / Find
    • c
    • Pozostałe elementy strefy tytułu i oznaczenia odpowiedzialności (NP)
    • Maciej Kostyra.
260 -Strefa adresu wydawniczego [ , ]
    • a
    • Miejsce wydania (P)
    • Kraków :
    • b
    • Nazwa wydawcy (P)
    • Wydawnictwo EGIS,
    • c
    • Data wydania (P)
    • 2006.
300 -Strefa opisu fizycznego [ , ]
    • a
    • Określenie formy książki i/lub objętość (NP)
    • XII, 531, [1] s. ;
    • c
    • Format (NP)
    • 21 cm.
336 -Typ zawartości [ , ]
    • a
    • Termin opisujący typ zawartości
    • Tekst
    • b
    • Kod określający zawartość
    • txt
    • 2
    • Źródło (terminu i kodu)
    • rdacontent
337 -Typ mediów [ , ]
    • a
    • Tryb odtwarzania
    • Bez urządzenia pośredniczącego
    • b
    • Kod typu mediów
    • n
    • 2
    • Źródło (terminu i kodu)
    • rdamedia
338 -Typ/rodzaj nośnika [ , ]
    • a
    • Hasło opisujące typ nośnika
    • Wolumin
    • b
    • Kod typu nośnika
    • nc
    • 2
    • Źródło (terminu i kodu)
    • rdacarrier
504 -Uwaga dot. bibliogr. załącznikowej [ , ]
    • a
    • Uwaga dot. bibliografii załącznikowej
    • Bibliogr. s. 531.
546 -Uwaga dot. języka [ , ]
    • a
    • Uwaga dot. języka
    • Tekst pol. i ang.
080 -Uniwersalna Klasyfikacja Dziesiętna [ , ]
    • 2
    • Identyfikator wydania tablic
    • UDC-P058
    • 9
    • UKD
    • 1930
    • a
    • Symbol klasyfikacji
    • 003.083
    • b
    • Dopowiedzenie
    • Skróty. Akronimy.
    • 4
    • UKD2
    • 7663
    • x
    • Poddział wspólny
    • (038)
    • c
    • Dopowiedzenie poddz. wspólnego
    • (Słowniki).
    • 4
    • UKD2
    • 7644
    • x
    • Poddział wspólny
    • =111
    • c
    • Dopowiedzenie poddz. wspólnego
    • =Język angielski.
    • 4
    • UKD2
    • 7660
    • x
    • Poddział wspólny
    • =162.1
    • c
    • Dopowiedzenie poddz. wspólnego
    • =Język polski.
650 -Hasło przedmiotowe [ ,7]
    • a
    • Hasło przedmiotowe
    • Język angielski
    • x
    • Określnik rzeczowy
    • skróty
    • v
    • Określnik formalny
    • słowniki polskie.
    • 2
    • Źródło terminu
    • kaba
    • 9
    • KHW
    • 644968
980 -Symbol UKD [ , ]
    • a
    • UKD
    • 003.083(038)=111=162.1
710 -Hasło dodatkowe - nazwa ciała zbiorowego [2, ]
    • a
    • Nazwa ciała zbiorowego lub nazwa geograficzna jako pierwszy element (NP)
    • Wydawnictwo Egis.
    • 4
    • Kod relacji
    • pbl
    • 9
    • KHW
    • 66079
920 -ISBN [ , ]
    • a
    • ISBN
    • 83-7396-469-X Find
Lokalizacja Data inwentaryzacji Status udost. Numer inwentarzowy Sygnatura
BM2014-01-291A.9291ANG. Słowniki specjalistyczne 08